Liverpool-Manchester United Premier League Goalscorers Quiz Stats

 Plays Quiz not verified by Sporcle

Score 0/59 Timer 10:00
0 Plays Today
Club % Correct
LiverpoolSteven Gerrard
94.1%
Manchester UnitedWayne Rooney
93.5%
Manchester UnitedRyan Giggs
91.8%
LiverpoolMichael Owen
91.8%
Manchester UnitedPaul Scholes
91.2%
LiverpoolRobbie Fowler
86.5%
LiverpoolFernando Torres
86.5%
Manchester UnitedEric Cantona
84.1%
Manchester UnitedCristiano Ronaldo
82.4%
LiverpoolLuis Suarez
81.8%
Manchester UnitedDimitar Berbatov
80.6%
Manchester UnitedRio Ferdinand
80%
Manchester UnitedDavid Beckham
79.4%
Manchester UnitedAndrew Cole
79.4%
Manchester UnitedRobin van Persie
78.4%
Manchester United/LiverpoolPaul Ince
74.1%
LiverpoolDaniel Sturridge
73.9%
LiverpoolDirk Kuyt
72.9%
Manchester UnitedJuan Mata
72.8%
Manchester UnitedDwight Yorke
72.4%
Manchester UnitedRuud van Nistelrooy
71.8%
LiverpoolIan Rush
70.6%
Manchester UnitedNani
70.6%
Manchester UnitedAnthony Martial
70.4%
Manchester UnitedNemanja Vidic
68.5%
Manchester UnitedMark Hughes
68.2%
Manchester UnitedOle Gunnar Solskjaer
67.1%
Manchester UnitedJavier Hernandez
66.5%
Manchester UnitedJohn O'Shea
65.3%
Manchester UnitedDiego Forlan
64.7%
Club % Correct
Manchester UnitedCarlos Tevez
63.5%
Manchester UnitedAnder Herrera
63%
LiverpoolDanny Murphy
62.9%
Manchester UnitedSteve Bruce
62.4%
Manchester UnitedDenis Irwin
61.8%
Manchester UnitedNicky Butt
61.8%
LiverpoolJohn Arne Riise
60%
Manchester UnitedGary Pallister
58.8%
Manchester Unitedji-Sung Park
58.2%
LiverpoolChristian Benteke
58%
LiverpoolJamie Redknapp
57.6%
Manchester UnitedDaley Blind
54.3%
LiverpoolJohn Barnes
54.1%
LiverpoolSami Hyypia
52.9%
LiverpoolAndrea Dossena
51.8%
Manchester UnitedWes Brown
50.6%
Manchester UnitedAndrei Kanchelskis
50%
LiverpoolRyan Babel
50%
LiverpoolFabio Aurelio
47.6%
Manchester UnitedRafael da Silva
45.9%
LiverpoolNeil Ruddock
44.7%
LiverpoolPatrik Berger
44.1%
Manchester UnitedBrian McClair
43.5%
LiverpoolDavid Ngog
41.2%
Manchester UnitedMikael Silvestre
38.8%
LiverpoolNigel Clough
37.1%
LiverpoolHarry Kewell
35.9%
Manchester UnitedRonny Johnsen
28.2%
LiverpoolDon Hutchison
14.7%

You're not logged in!

Compare scores with friends on all Sporcle quizzes.
OR
Log In

Show Comments

Extras

Top Quizzes Today


Score Distribution

Your Account Isn't Verified!

In order to create a playlist on Sporcle, you need to verify the email address you used during registration. Go to your Sporcle Settings to finish the process.

Report this User

Report this user for behavior that violates our Community Guidelines.

Details: